000 00669nam a2200241Ia 4500
003 OSt
005 20220924115306.0
006 a|||||r|||| 00| 0
007 ta
008 220923b |||||||| |||| 00| 0 urd d
024 _a261424
037 _cTextual
040 _aARTS
_cARTS
_burd
041 _2urd
_aurd
082 _aX:9.2.N4, 168H0
100 _aQadir Mohammad Abdul Au.
_9173420
245 0 _aHamare mazdoor
260 _aDelhi
_bAnjuman taraqqi usdu P. India
_c1940
300 _a75p.
_ccm.
650 _aLABOUR ECONOMICS
_921364
942 _hX:9.2.N4, 168H0
_cTEXL
_2CC
999 _c397658
_d397658